000 00653aas a2200181 4500
999 _c50150
_d50150
001 768714001
003 CO-MdFUSB
005 20170914124352.0
008 170914s1999 ag ||||| |||| 00| 0 spa d
022 _a0326-6737
040 _aCO-MdFUSB
_bspa
_cCO-MdFUSB
_dCO-MdFUSB
041 _aspa
100 1 _aBedford, Nancy E.
_eautor
245 1 0 _aTres hipótesis del trabajo en busca de una teología :
_bvías para la renovación de la teología latinoamericana
_c/ Bedford, Nancy E.
300 _aVolumen 18 (1999), páginas 41-51
_c: 23 cm.
773 0 _tCuadernos de Teología
_049404
_959703
_gVolumen 18 (1999), páginas 41-51
_qPágina 41
942 _cANA